LDR 00706naa#a2200205#i#450# 001 EN\\bibl\123376 005 20260706023411.1 011 ## _a1994-4683 100 ## _a20230731b2023####ek#y0engy0150####ca 102 ## _aRU 200 1# _aPSYCHOLOGY AS AN INTEGRAL PART OF COMPETITIVE AND TRAINING ACTIVITIES IN KETTLEBELL LIFTING _eJournal article 210 1# _aMoscow _cNational State University of Physical Education, Sports and Health named after P.F. Lesgaft _d2023 215 ## _a3 с. 608 ## _aJournal article _2local 675 ## _aСиловой спорт. 796.894 _z 700 #1 _aZHivoderov _gA V 700 #1 _aEvdokimov _gI M 700 #1 _aZHivoderov _gV A 700 #1 _aGrasyuk _gN N 856 4# _auchzapiski.lesgaft.spb.ru _u